000 00408cam a2200169 4500
001 D13388
008 090401t1911 xxu||||| |||| 00| 0 eng d
035 _a(Sirsi) u9426
041 _aeng
100 _aMartin, Howard
245 _aHints on valuation of real property for mortgage
260 _aLondon
_bEstates Gazette
_c1911
350 _a0
520 _aShelf 118
942 _n0
948 _c04/03/1997
999 _c86635
_d86635